Igor Rusnák: Isten háta mögött /

Hlavní autor: Svoboda, Josef, teatrolog
Další autoři: Rusnák, Igor, 1936-2021
Jazyk: Maďarština
Vydáno: Bratislava : Osvetový ústav, 1966
Edice: Önkéntes népmüvelési dolgozók oktatásának egységes rendszere
Fyzický popis: 26 s.
Knihy
Uloženo v:
LEADER 00896nam a2200241 a 4500
001 000625164
003 CZ BrMZK
005 20130613154756.0
007 ta
008 020925s1966 xo f hun d
040 |a BOA001  |b cze  |c BOA001 
041 1 |a hun  |h slo 
100 1 |a Svoboda, Josef,  |c teatrolog  |4 aut 
245 1 0 |a Igor Rusnák: Isten háta mögött /  |c rendezöidramaturgiai elemzés Josef Svoboda 
260 |a Bratislava :  |b Osvetový ústav,  |c 1966 
300 |a 26 s. 
490 1 |a Az önkéntes népmüvelési dolgozók oktatásának egységes rendszere 
700 1 |a Rusnák, Igor,  |d 1936-2021  |7 ola2002153181  |4 hnr 
765 0 |t Lišky dobrú noc  |9 Maďarsky 
830 0 |a Önkéntes népmüvelési dolgozók oktatásának egységes rendszere 
910 |a BOA001  |b X2-0573.008 
990 |a BK 
996 7 |b 2618843174  |c X2-0573.008  |l MZK  |r Sklad / do 24 hodin  |n 0  |w 000625164  |u 000010  |a 1  |e BOA001  |j MZK50  |s A